Catálogo
 En Linea

Iglesia cuabana : (Registro nro. 47483)

Detalles MARC
000 -CABECERA
campo de control de longitud fija 01217nam a2200217 a 4500
001 - NÚMERO DE CONTROL
campo de control 000047995
005 - FECHA Y HORA DE LA ÚLTIMA TRANSACCIÓN
campo de control 20240320074002.0
008 - DATOS DE LONGITUD FIJA--INFORMACIÓN GENERAL
campo de control de longitud fija 081212s1995 dr 001 0 spa d
040 ## - FUENTE DE LA CATALOGACIÓN
Centro catalogador/agencia de origen DO-SdBNP
Lengua de catalogación spa
Centro/agencia transcriptor BNPHU
082 ## - NÚMERO DE LA CLASIFICACIÓN DECIMAL DEWEY
Número de clasificación 282.7291
Número de documento/Ítem M475e
100 1# - ENTRADA PRINCIPAL--NOMBRE DE PERSONA
Nombre de persona Maza Miquel, Manuel P.,
Títulos y otros términos asociados al nombre S.J.,
Fechas asociadas al nombre 1945-
9 (RLIN) 708
245 10 - MENCIÓN DE TÍTULO
Título Iglesia cuabana :
Resto del título cinco siglos de desafíos y repuestas /
Mención de responsabilidad, etc. Manuel Maza ; editor Rafael Bello Peguero.
260 ## - PUBLICACIÓN, DISTRIBUCIÓN, ETC.
Lugar de publicación, distribución, etc. Santo Domingo :
Nombre del editor, distribuidor, etc. Amigo del Hogar,
Fecha de publicación, distribución, etc. 1995.
300 ## - DESCRIPCIÓN FÍSICA
Extensión 55 p. ;
Dimensiones 28 cm.
504 ## - NOTA DE BIBLIOGRAFÍA, ETC.
Nota de bibliografía, etc. Incluye referencias bibliográficas y notas a pie de páginas
505 0# - NOTA DE CONTENIDO CON FORMATO
Título Presentación --
-- Desde la conquista hata el primer sínodo diocesano (1680) y la llegada del Obispo Compostela en 1687 --
-- Desde del el primer sínodo diocesano hasta la muerte del Obispo Espada en 1832 y las medidas anticlericales de los liberales (1830 y 1840 ) --
-- Desde la muerte de Espada (1832) a los inicios de la República-Protectorado (1902) --
-- El catolicismo cubano durante la República --
-- La iglesia y la revolución --
-- Epílogo.
590 ## - NOTA LOCAL (RLIN)
Nota local Inventariado, 2018/ VM
650 #4 - PUNTO DE ACCESO ADICIONAL DE MATERIA--TÉRMINO DE MATERIA
Término de materia o nombre geográfico como elemento de entrada Iglesia católica
Subdivisión geográfica Cuba
9 (RLIN) 709
651 #4 - PUNTO DE ACCESO ADICIONAL DE MATERIA--NOMBRE GEOGRÁFICO
Nombre geográfico Cuba
Subdivisión general Historia
9 (RLIN) 493
700 1# - PUNTO DE ACCESO ADICIONAL--NOMBRE DE PERSONA
Nombre de persona Bello Peguero, Rafael,
Fechas asociadas al nombre 1932-2022
Término indicativo de función/relación ed.
9 (RLIN) 2405
Existencias
Estado de retiro Estado de pérdida No para préstamo Código de colección Localización permanente Ubicación/localización actual Ubicación en estantería Fecha de adquisición Número de inventario Total de préstamos Signatura topográfica completa Código de barras Fecha visto por última vez Precio válido a partir de Tipo de ítem Koha
    Excluido de préstamo Patrimonio Dominicano Patrimonio Dominicano Patrimonio Dominicano Depósito 11.10.2018 LF1   282.7291 M475e 47995-10 25.06.2020 25.06.2020 Libro y Folleto Colección Patrimonio Dominicano

Con tecnología Koha